000 00281nam a2200109Ia 4500
008 200302s9999 xx 000 0 und d
100 _aShelley Maree Cassidy
245 _aA Place to Stay 30 Extraordinary Hotels
260 _bConran Octopus Ltd.
260 _c2000
300 _a181 P.,
999 _c1768
_d1768